| 000 | 02245cam a2200325 4500500 | ||
|---|---|---|---|
| 005 | 20260329013814.0 | ||
| 041 | _afre | ||
| 042 | _adc | ||
| 100 | 1 | 0 |
_aChoquet, Isabelle _eauthor |
| 700 | 1 | 0 |
_aClaeyé, Frederik _eauthor |
| 245 | 0 | 0 | _aTensions autour de la performance à l’aune de la transition écologique |
| 260 | _c2025. | ||
| 500 | _a46 | ||
| 520 | _aEn écho au titre de ce colloque, nous souhaitons ici questionner les liens entre la prise de décision et l’évaluation dans les contextes organisationnels à l’heure de la transition écologique. Cette dernière vient rebattre les cartes de notre économie et pousse les décisionnaires à endosser de nouvelles responsabilités dans leur gouvernance et leurs prises de décisions. L’évaluation de celles-ci dépassant dès lors les traditionnels KPI (indicateurs clés de performance (ICP)) normatifs enseignés dans les écoles de management. Car c’est bien la performance qui est ici concernée et c’est autour de cet « objet d’étude » que nous allons nous focaliser dans cette communication. | ||
| 520 | _aEchoing the title of this conference, our aim here is to examine the links between decision-making and evaluation in organizational contexts at a time of ecological transition. The latter is reshuffling the cards in our economy and forcing decision-makers to take on new responsibilities in their governance and decision-making. The evaluation of these decisions goes beyond the traditional KPIs (key performance indicators) taught in management schools. It is performance that is at stake here, and it is on this ’object of study’ that we will focus in this paper. | ||
| 690 | _aévaluation | ||
| 690 | _ale Vivant | ||
| 690 | _amanagement | ||
| 690 | _aoptimisation | ||
| 690 | _aperformance | ||
| 690 | _aTransition | ||
| 690 | _aevaluation | ||
| 690 | _ale Vivant | ||
| 690 | _amanagement | ||
| 690 | _aoptimisation | ||
| 690 | _aperformance | ||
| 690 | _aTransition | ||
| 786 | 0 | _nManagement des technologies organisationnelles | 16 | 1 | 2025-01-16 | p. 147-159 | 2553-3851 | |
| 856 | 4 | 1 | _uhttps://shs.cairn.info/revue-management-des-technologies-organisationnelles-2025-1-page-147?lang=fr&redirect-ssocas=7080 |
| 999 |
_c1883584 _d1883584 |
||